| 000 | 00855cam a22003013a 4500 | ||
|---|---|---|---|
| 001 | 27668 | ||
| 003 | PGUSA | ||
| 005 | 20140828083610.0 | ||
| 008 | 081231s2008||||xxu|||||s|||||000 | eng d | ||
| 040 |
_aPGUSA _beng |
||
| 042 | _adc | ||
| 050 | 4 | _aPA | |
| 100 | 1 |
_aAristophanes, _d-450--388 |
|
| 245 | 1 | 0 |
_aΒάτραχοι _h[electronic resource] / _cAristophanes |
| 260 |
_bProject Gutenberg, _c2008 |
||
| 506 | _aPublic domain in the USA. | ||
| 516 | _aElectronic text | ||
| 653 | _aDramatists -- Drama | ||
| 653 | _aPlaywriting -- Drama | ||
| 653 | _aComedies | ||
| 653 | _aDionysus (Greek deity) -- Drama | ||
| 653 | _aVoyages to the otherworld -- Drama | ||
| 700 | 1 |
_aDemetrakopoulos, Polyvios, _d1864-1922 |
|
| 740 | 0 | _aFrogs | |
| 830 | 0 |
_aProject Gutenberg _v27668 |
|
| 856 | 4 | 0 | _uhttp://www.gutenberg.org/ebooks/27668 |
| 942 | _cEB | ||
| 999 |
_c256923 _d256923 |
||